Catalans per primer cognom A-Z - Statistics

General Stats
  • This quiz has been taken 43 times
    42 since last reset
  • The average score is 14 of 25
Answer Stats
Lletra cognom Pista Personatge % Correct
G Sagrada Família Antoni Gaudí
94%
R La plaça del Diamant Mercè Rodoreda
87%
D Surrealisme Salvador Dalí
84%
L L'estaca Lluís Llach
81%
F Diccionari Pompeu Fabra
77%
A Víctor Català Caterina Albert
74%
Y Barça. Rocafonda. Lamine Yamal
74%
S Bandoler Joan Sala (Serrallonga)
71%
J Plats Bruts Joel Joan
71%
P Convergència Jordi Pujol
68%
Q Sopa de Cabra Gerard Quintana
65%
U Locutor dels matins Ricard Ustrell
61%
H Barça. Triplet. Sextet. Xavi Hernández
52%
V Actriu de Casa en flames Emma Vilarasau
48%
M Surrealisme 2 Joan Miró
48%
O Els Matins a TV3 Ariadna Oltra
45%
I President a l'exili Josep Irla
45%
N Judit. Cantant. Judit Neddermann
45%
T Davanter de l'Espanyol Raúl Tamudo
42%
K Linyola. Barça. Bojan Krkic
39%
E París - Dakar Isidre Esteve
29%
C Actriu i àvia de Catalunya Montserrat Carulla
23%
Z El nostre Goku Marc Zanni
13%
B Una altra cosa Andreu Buenafuente
10%
X Activista pacifista Lluís Maria Xirinacs
6%
No matching quizzes found
Score Distribution
Percent of People with Each Score
Percentile by Number Answered
Your Score History
You have not taken this quiz since the last reset